000 00569cam a22002053a 4500
001 40869
003 PGUSA
005 20140828083920.0
008 120926s2012||||xxu|||||s|||||000 | eng d
040 _aPGUSA
_beng
042 _adc
100 1 _aMiller, Joaquin,
_d1837-1913
245 1 0 _aTrue Bear Stories
_h[electronic resource] /
_cJoaquin Miller
260 _bProject Gutenberg,
_c2012
506 _aPublic domain in the USA.
516 _aElectronic text
830 0 _aProject Gutenberg
_v40869
856 4 0 _uhttp://www.gutenberg.org/ebooks/40869
942 _cEB
999 _c270121
_d270121